Statistics for One Direction Bromances

Click here to take the quiz!

General Stats

  • This quiz has been taken 8,278 times
  • The average score is 9 of 10

Answer Stats

HintAnswer% Correct
Louis & HarryLarry Stylinson
99%
Zayn & HarryZarry
96%
Zayn & LiamZiam
94%
Niall & HarryNarry
94%
Louis & ZaynZouis
93%
Zayn & NiallZiall
93%
Liam & NiallNiam
92%
Louis & NiallNouis
89%
Louis & LiamLilo
78%
Liam & HarryLirry
72%

Score Distribution

Percentile by Number Answered

Percent of People with Each Score

Your Score History

You have not taken this quiz